La epidemia global de desigualdad en salud tiene su origen en la crisis socio-ecológica del capitalismo (Registro nro. 39634)
[ vista simple ]
| 000 -CABECERA | |
|---|---|
| Longitud fija campo de control | 01204naa a2200325 c 4500 |
| 001 - NÚMERO DE CONTROL | |
| Número de control | 39634 |
| 003 - IDENTIFICADOR DE NÚMERO DE CONTROL | |
| Identificador del número de control | ES-MaCES |
| 005 - FECHA Y HORA DE LA ÚLTIMA TRANSACCIÓN | |
| Fecha y hora de la última transacción | 20150925135013.0 |
| 008 - CAMPO FIJO DE DESCRIPCIÓN FIJA--INFORMACIÓN GENERAL | |
| Códigos de información de longitud fija | 091216n2009 sp t 000 | spa d |
| 035 ## - NÚMERO DE CONTROL DEL SISTEMA | |
| Número de control del sistema | CES20090010775v |
| 040 ## - FUENTE DE CATALOGACIÓN | |
| Centro catalogador de origen | ES-MaCES |
| Lengua de catalogación | spa |
| Centro transcriptor | ES-MaCES |
| 100 1# - ENCABEZAMIENTO PRINCIPAL--NOMBRE PERSONAL | |
| Nombre de persona | Benach, Joan |
| 9 (RLIN) | 7477 |
| 245 13 - MENCIÓN DE TÍTULO | |
| Título | La epidemia global de desigualdad en salud tiene su origen en la crisis socio-ecológica del capitalismo |
| Mención de responsabilidad, etc. | Entrevista a Joan Benach y Carles Muntaner |
| 650 #4 - ASIENTO SECUNDARIO DE MATERIA--TÉRMINO DE MATERIA | |
| Término de materia o nombre geográfico como elemento inicial | entrevista |
| 9 (RLIN) | 28852 |
| 650 #4 - ASIENTO SECUNDARIO DE MATERIA--TÉRMINO DE MATERIA | |
| Término de materia o nombre geográfico como elemento inicial | desarrollo sostenible |
| 9 (RLIN) | 30785 |
| 650 #4 - ASIENTO SECUNDARIO DE MATERIA--TÉRMINO DE MATERIA | |
| Término de materia o nombre geográfico como elemento inicial | conservación de la naturaleza |
| 9 (RLIN) | 28754 |
| 650 #4 - ASIENTO SECUNDARIO DE MATERIA--TÉRMINO DE MATERIA | |
| Término de materia o nombre geográfico como elemento inicial | conservación de los recursos |
| 9 (RLIN) | 28755 |
| 650 #4 - ASIENTO SECUNDARIO DE MATERIA--TÉRMINO DE MATERIA | |
| Término de materia o nombre geográfico como elemento inicial | recursos renovables |
| 9 (RLIN) | 29826 |
| 650 #4 - ASIENTO SECUNDARIO DE MATERIA--TÉRMINO DE MATERIA | |
| Término de materia o nombre geográfico como elemento inicial | código de conducta |
| 9 (RLIN) | 29864 |
| 650 #4 - ASIENTO SECUNDARIO DE MATERIA--TÉRMINO DE MATERIA | |
| Término de materia o nombre geográfico como elemento inicial | planificación corporativa |
| 9 (RLIN) | 30332 |
| 650 #4 - ASIENTO SECUNDARIO DE MATERIA--TÉRMINO DE MATERIA | |
| Término de materia o nombre geográfico como elemento inicial | política agraria |
| 9 (RLIN) | 27494 |
| 653 10 - TÉRMINO DE INDEXACIÓN--NO CONTROLADO | |
| Término no controlado | Agricultura-Ganadería |
| 650 #4 - ASIENTO SECUNDARIO DE MATERIA--TÉRMINO DE MATERIA | |
| 9 (RLIN) | 30601 |
| Término de materia o nombre geográfico como elemento inicial | estrategia empresarial |
| 650 #4 - ASIENTO SECUNDARIO DE MATERIA--TÉRMINO DE MATERIA | |
| 9 (RLIN) | 30340 |
| Término de materia o nombre geográfico como elemento inicial | ecoagricultura |
| 700 1# - ENCABEZAMIENTO SECUNDARIO--NOMBRE PERSONAL | |
| Nombre de persona | Muntaner, Carles |
| 9 (RLIN) | 19330 |
| 773 0# - ENTRADA DE DOCUMENTO FUENTE | |
| Título | Ecología política |
| Parte(s) relacionada(s) | n. 37 (2009){10606 R. 075587}; p. 21-33 |
| Número de control del registro relacionado | (ES-MaCES)25611 |
| Itemnumber del ítem fuente | 65692 |
| 902 ## - CES. TIPO DE DOCUMENTO | |
| Tipodoc (006$c Sirtex) | ART Artículo de revista |
| 942 ## - ELEMENTOS KOHA | |
| Fuente de clasificaión o esquema | Clasificación propia del CES |
| Koha [por defecto] tipo de item | Artículos (1982-2017) |
| Parte de clasificación | 5.0. |
No hay ítems disponibles.
